00433nam a2200157Ia 4500003000400000005001700004008004100021020001800062040000900080082001800089100002500107245008300132260003700215300000900252650001400261OSt20200824131002.0190216s9999||||xx |||||||||||||| ||und|| a9788131769409 coclc a615.19bLAK/P aLakshmi, N V Chenchu 0aPharamaceutical Inorganic Chemistry Theory And Practice /cN V Chenchu Lakshmi bPearson,c2013.aDelhi- Chennai: a408p aChemistry